000 00562nam a2200157 4500
999 _c4752
_d4752
008 160921b xxu||||| |||| 00| 0 eng d
022 _a16565649
082 _aDPer 303.405 H22 May-Sept 2015 n. 6-10
100 _915072
_aSeng, Ng Chong
245 _aOrder restored in the galaxy:
_bthe galaxy s6 marks the start of a new Samsung mobile
_cNg Chong Seng.
260 _aQuezon City:
_bHardware Zone Phils. Corp.,
_c©2015.
300 _av11 i6, pages 72-73;
_c30 cm.
500 _aHWM Philippines.
650 0 _915075
_aCellular telephones
942 _2ddc
_cPER